A água que bebemos (Registo nº 1770)

Detalhes MARC
000 -Etiqueta do registo
Cabeçalho 00872nam a22002771 4500
005 - Identificador da versão
Campo de controlo 20240813121916.0
021 ## - Número do Depósito Legal
Código do país PT
100 ## - Dados gerais de processamento
Dados gerais de processamento 20070507d1985 da y0pory5003 ba
102 ## - Pais de publicação ou produção
País de publicação Portugal
101 0# - Língua de publicação
Língua do texto, banda sonora, etc. Português
106 ## - Campo de dados codificados: material textual
Dados codificados do material textual r
105 ## - Campo de dados codificados: livros
Dados codificados dos livros a t 000zy
215 ## - Descrição física 
Indicação específica da natureza do documento e extensão da espécie 31 p.
Outras indicações físicas todo il.
Dimensões 30 cm
200 1# - Titulo e menção de responsabilidade
Título próprio A água que bebemos
Primeira menção de responsabilidade texto de Maria Alberta Menéres, Rui Godinho
Outras menções de responsabilidade des. Artur Correia
205 ## - Menção da edição
Menção da edição 5ª ed.
210 ## - Publicação, Distribuição, etc. 
Lugar da edição, distribuição, etc. [Lisboa]
Nome do editor, distribuidor, etc. Sismet - Sistemas e Métodos de Organização e Informática
Data da publicação, distribuição, etc. imp. 1985
606 ## - Nome comum usado como assunto
Número de registo de entrada de autoridade 0000223
Palavra de ordem Literatura portuguesa infanto-juvenil
Subdivisão de assunto Banda desenhada
675 ## - Classificação Decimal Universal (CDU)
Notação 821.134.3-9
Edição
Língua da edição por
702 #1 - Nome de autor-pessoa física (responsabilidade secundária)
Número de registo de entrada de autoridade 0000274
Palavra de ordem Correia
Outra parte do nome não tomada para palavra de ordem Artur
Código de função Ilustrador / Técnico de desenho computorizado
701 #0 - Nome de autor-pessoa física (co-responsabilidade principal)
Palavra de ordem Godinho
Outra parte do nome não tomada para palavra de ordem Rui
Código de função Autor / Co-autor
700 #0 - Nome de autor-pessoa física (responsabilidade principal)
Número de registo de entrada de autoridade 0000272
Palavra de ordem Menéres
Outra parte do nome não tomada para palavra de ordem Maria Alberta
Datas 1930-
942 ## - Elementos de entrada adicionados (Koha)
Tipo de item no Koha Livro
Exemplares
Situação do levantamento Origin of item (home branch) (coded) Biblioteca de empréstimo Código de barras Cota Circulation type (not for loan) Tipo de documento Nota do exemplar Damaged status
  Biblioteca Escolar da Coca Maravilhas Biblioteca Escolar da Coca Maravilhas BECM45/90 8BD MEN   Livro Sem mensagem  
  Biblioteca Escolar da Coca Maravilhas Biblioteca Escolar da Coca Maravilhas BECM46/90 8BD MEN   Livro Sem mensagem